000 00247nam a22001217a 4500
008 180314b xxu||||| |||| 00| 0 eng d
041 _aeng
080 _a7
100 _a42
101 _aART
245 _aREMBRANDT
_cHARRISON/H
942 _2udc
_cBK
999 _c45034
_d45034